Responses for Show #1415 - Friday, October 26, 1990

Contestants

[<< previous game]

Aran Eisenstat, a unit coordinator originally from New York City, New York

Peggy Wells, an attorney originally from Beaver Dam, Wisconsin

David Rice, a substitute English and speech teacher from Clarendon Hills, Illinois (whose 2-day cash winnings total $16,300)

[next game >>]

Jeopardy! Round responses

GIRLS IN SONG
FEATHERED FRIENDS
TRANSPORTATION
POETRY
FOREIGN EXCHANGE
"MAC" WORDS
    $100 1
Paul McCartney

David
    $100 17
salt

Aran
    $100 12
a baby buggy

David
    $100 26
burns

David
    $100 11
peso

Aran
    $100 3
Macbeth

Aran
    $200 2
Rosemarie (Rosemary)

Aran
    $200 18
a hummingbird

David
    $200 13
a streetcar

Aran
    $200 27
(Alex: We have less than a minute to go in the round, David.)

buzz

Triple Stumper
    $200 21
a ruble

Peggy
    $200 4
mackerel

Aran
    $300 6
"Sweet Georgia Brown"

David
    $300 19
smell

Aran
    $300 14
the engine (locomotive)

Aran
    $1,000 28
(Alex: Did you recognize the poem or the poet?)
(David: I recognized the voice first.)

Robert Frost

David
    $300 22
bolivar

Aran
    $300 5
macadam

Peggy
    $400 7
Suzie Q

Aran
    $400 20
the egg tooth

Triple Stumper
    $400 15
tandem

Peggy
    $400 29
calico

Triple Stumper
    $400 23
drachma

David
    $400 9
macabre

Aran
    $500 8
Lulu

Triple Stumper
    $500 25
a pigeon (chicken)

Aran
    $500 16
(Count von) Zeppelin

David
    $500 30
(Robert) Browning

David
    $500 24
a rand

David
    $500 10
macrobiotic

David

Scores at the first commercial break (after clue 16):

David Peggy Aran
$1,500 $700 $1,900

Scores at the end of the Jeopardy! Round:

David Peggy Aran
$4,200 $900 $3,100

Double Jeopardy! Round responses

19th CENTURY AMERICA
FICTIONAL CHARACTERS
BUSINESS & INDUSTRY
MAPS
FRUITS & VEGETABLES
THEATRE
    $200 16
(Aran: What's Illinois?)

Kentucky

DavidAran
    $200 7
Fagin

David
    $200 18
North

David
    $200 2
a globe

David
    $200 22
a nectarine

Aran
    $200 1
(George Bernard) Shaw

Aran
    $400 17
the NRA (National Rifle Association)

Aran
    $400 8
Esmeralda

David
    $400 23
(Alex: We have about a minute left.)

Italy

Triple Stumper
    $400 12
cartography

Peggy
    $400 28
sugar beets

David
    $400 3
(Eugene) O'Neill

David
    $600 19
the Mormon Trail

Triple Stumper
    $600 9
Mr. Chips

David
    $600 30
Honda

David
    $600 13
(Gerardus) Mercator

David
    $600 29
the soybean

David
    $600 4
white

Triple Stumper
    $1,000 20
(David: Who is Audubon?)

John Muir

David
    $800 10
Maggie

Triple Stumper
    $800 25
(David: What is Mattel?)

Fisher Price

David
Triple Stumper
    $800 14
a legend

David
    $800 27
collard

David
    $1,500 5
Aristophanes

David
    $1000 21
the Nez Perce

David
    $1000 11
Bartleby

David
    $1000 24
Benetton

Aran
    $1000 15
(Peggy: What is Phrygia?)

Babylon

Peggy
Triple Stumper
    $1000 26
romaine

Aran
    $1000 6
Julie

David

Scores at the end of the Double Jeopardy! Round:

David Peggy Aran
$12,900 $300 $5,700
(lock game)

[wagering suggestions for these scores]

Final Jeopardy! Round responses

THE OLYMPICS
PeggyWhat are England & France?
$290
AranWhat are Greece & Switzerland France
$5,000
DavidWhat are England & Greece
$1,000
(2 of) England, France, Greece, Switzerland & Australia

Final scores:

David Peggy Aran
$13,900 $590 $10,700
3-day champion: $30,200 3rd place: Oneida Silversmith gift certificate & NES with Family, Junior & Special editions of Jeopardy! & Wheel of Fortune + The Jeopardy! Book + The Jeopardy! Book 2nd place: stay at Oasis Water Resort Villa Hotel & Ricardo Beverly Hills luggage + The Jeopardy! Book

Game dynamics:

Coryat scores:

David Peggy Aran
$12,500 $300 $5,700
28 R
(including 2 DDs),
2 W
(including 1 DD)
4 R,
1 W
17 R,
1 W

Combined Coryat: $18,500

[game clues] [game scores] [suggest correction]

Game tape date: 1990-08-28
The J! Archive is created by fans, for fans. Scraping, republication, monetization, and malicious use prohibited; this site may use cookies and collect identifying information. See terms. The Jeopardy! game show and all elements thereof, including but not limited to copyright and trademark thereto, are the property of Jeopardy Productions, Inc. and are protected under law. This website is not affiliated with, sponsored by, or operated by Jeopardy Productions, Inc. Join the discussion at JBoard.tv.